Project management for business and technology

Sparad:
Bibliografiska uppgifter
Huvudupphovsman: John M. Nicholas
Materialtyp: Bok
Språk:Undetermined
Publicerad: Upper Saddle River, New Jersey Prentice-Hall 2001
Ämnen:
Taggar: Lägg till en tagg
Inga taggar, Lägg till första taggen!
Thư viện lưu trữ: Trung tâm Học liệu Trường Đại học Cần Thơ
LEADER 00527nam a2200181Ia 4500
001 CTU_54815
008 210402s9999 xx 000 0 und d
020 |b 1400000 
082 |a 658.4'04 
082 |b N597 
100 |a John M. Nicholas 
245 0 |a Project management for business and technology 
245 0 |c John M. Nicholas 
260 |a Upper Saddle River, New Jersey 
260 |b Prentice-Hall 
260 |c 2001 
650 |a industrial project management 
980 |a Trung tâm Học liệu Trường Đại học Cần Thơ